érculo (Record no. 54724)

MARC details
000 -LEADER
campo de control de longitud fija 00693nam a2200205 i 4500
001 - NÚMERO DE CONTROL
campo de control 54724
003 - IDENTIFICADOR DE NÚMERO DE CONTROL
campo de control ES-MaACL
005 - FECHA Y HORA DE LA ÚLTIMA TRANSACCIÓN
campo de control 20250710214250.0
007 - CAMPO FIJO DE DESCRIPCIÓN FÍSICA--INFORMACIÓN GENERAL
campo de control de longitud fija t|
008 - DATOS DE LONGITUD FIJA--INFORMACIÓN GENERAL
campo de control de longitud fija 040112s2002 sp ||||1| spa d
080 ## - NÚMERO DE LA CLASIFICACIÓN DECIMAL UNIVERSAL
Número de la Clasificación Decimal Universal 76 érculo, Eduardo (083.824)
100 1# - ENTRADA PRINCIPAL--NOMBRE DE PERSONA
Nombre de persona érculo, Eduardo.
9 (RLIN) 134074
245 10 - MENCIÓN DEL TÍTULO
Título érculo
Resto del título : obra gráfica (1957-2000) : [abril-mayo 2001] /
Mención de responsabilidad, etc. texto, Javier Barón.
260 ## - PUBLICACIÓN, DISTRIBUCIÓN, ETC.
Lugar de publicación, distribución, etc. [Madrid :
Nombre del editor, distribuidor, etc. Junta Municipal de Retiro,
Fecha de publicación, distribución, etc. 2001.
300 ## - DESCRIPCIÓN FÍSICA
Extensión 292 p. :
Otras características físicas principalmente il. col. ;
Dimensiones 25 cm.
600 14 - PUNTO DE ACCESO ADICIONAL DE MATERIA--NOMBRE DE PERSONA
Nombre de persona érculo, Eduardo-
Subdivisión de forma Exposiciones.
9 (RLIN) 134075
700 0# - ENTRADA AGREGADA--NOMBRE PERSONAL
Nombre de persona Barón, Javier,
Fechas asociadas al nombre 1956-
9 (RLIN) 25770
852 ## - LOCALIZACIÓN
Ubicación ES-MaACL
Número de control de estantería L-26755
Sublocalización o colección R.132330
Holdings
Estatus retirado Estado de pérdida Estado de daño No para préstamo Biblioteca de origen Biblioteca actual Ubicación en estantería Fecha de adquisición Fuente de adquisición Total de préstamos Signatura topográfica completa Código de barras Visto por última vez Precio de reemplazo Tipo de ítem Koha
        Biblioteca del Ateneo de Madrid Biblioteca del Ateneo de Madrid Depósito 2 17/01/2008     L-26755 1057504 23/02/2023 23/02/2023 Libro impreso